[Event "Ch Germany (juniors)"]
[Site "masterchessopen.com - Augsburg (Germany)"]
[Round "5"]
[White "Hoffmann Norbert (GER)"]
[Black "Meissner Bernd-Guenther (GER)"]
[Result "1-0"]
[WhiteElo "2100"]
[BlackElo "2385"]

1.d4 Nf6 2.c4 e6 3.Nf3 c5 4.d5 exd5 5.cxd5 d6 6.Nc3 g6 7.e4 Bg7 8.Be2 O-O
9.O-O Bg4 10.Nd2 Bxe2 11.Qxe2 Qe7 12.Nc4 Nbd7 13.Bf4 Ne8 14.Rad1 b6 15.Nb5 Ne5
16.Nxe5 Bxe5 17.Bxe5 Qxe5 18.f4 Qe7 19.a4 a6 20.Nc3 Nf6 21.Rfe1 Rfe8 22.e5 Nd7
23.e6 Nf8 24.Rd3 f5 25.g4 h6 26.Kh1 Qf6 27.gxf5 gxf5 28.Rg1+ Kh7 29.Rdg3 Re7
30.Qh5 Raa7 31.Nd1 Rg7 32.Ne3 Rxg3 33.Rxg3 Nxe6 34.dxe6 Qxe6 35.Qxf5+ Qxf5
36.Nxf5 Rf7 37.Nxd6 Rxf4 38.Rb3 Rxa4 39.Rxb6 a5 40.Kg2 Rd4 41.Nf5 Rd2+ 42.Kf3
Rxh2 43.Rxh6+ Rxh6 44.Nxh6 c4 45.Nf5 {#r} 1-0

[Event "It (open)"]
[Site "masterchessopen.com - Cappelle la Grande (France)"]
[Round "0"]
[White "Bradbury Neil H (ENG)"]
[Black "Pigusov Evgeny (RUS)"]
[Result "0-1"]
[WhiteElo "2350"]
[BlackElo "2550"]

1.d4 Nf6 2.c4 c5 3.d5 e6 4.Nc3 exd5 5.cxd5 d6 6.Nf3 g6 7.e4 Bg7 8.Be2 O-O
9.O-O Bg4 10.h3 Bxf3 11.Bxf3 Nbd7 12.Re1 a6 13.a4 Rb8 14.Be2 Ne8 15.Bf1 Nc7
16.Bf4 Ne5 17.a5 b6 18.axb6 Rxb6 19.Qc1 Qb8 20.Ra2 Qb7 21.Nd1 Rb3 22.Bh6 Qb4
23.Re3 f5 24.Rxb3 Qxb3 25.Nc3 fxe4 26.Qd2 Nc4 27.Qe2 e3 28.fxe3 Ne5 29.Ra3 Qb6
30.Qc2 c4 31.Ne4 Nb5 32.Ra1 Qxe3+ 33.Kh1 Nd4 34.Qb1 Nd3 35.Bxd3 cxd3 36.Nxd6
Ne2 {#R} 0-1

[Event "Bundesliga (juniors)"]
[Site "masterchessopen.com - Germany"]
[Round "2"]
[White "Trisic Alexandar (GER)"]
[Black "Meissner Bernd-Guenther (GER)"]
[Result "0-1"]
[WhiteElo "2220"]
[BlackElo "2385"]

1.d4 Nf6 2.c4 e6 3.Nc3 c5 4.d5 exd5 5.cxd5 d6 6.e4 g6 7.Nf3 Bg7 8.Be2 O-O
9.O-O Bg4 10.h3 Bxf3 11.Bxf3 Nbd7 12.Bg5 Re8 13.Qd2 a6 14.Rae1 c4 15.Bd1 Nc5
16.Bc2 Qb6 17.Be3 Nfd7 18.Ba4 Rad8 19.Bxd7 Rxd7 20.Bd4 Bxd4 21.Qxd4 Qxb2
22.Qxc4 b5 23.Qd4 b4 24.Ne2 Qxd4 25.Nxd4 Rxe4 26.Rxe4 Nxe4 27.Nc6 Rb7 28.Rb1
Nc3 29.Rxb4 Rxb4 30.Nxb4 a5 31.Nc6 a4 32.Nb4 Kg7 33.f4 Ne2+ 34.Kf2 Nxf4 35.Kf3
g5 36.h4 h6 37.hxg5 hxg5 38.g3 Ng6 39.Ke4 Ne7 40.Nd3 f5+ 41.Kd4 Kg6 42.Nb2 Kh5
43.Nxa4 Kg4 44.Nc3 Kxg3 45.Ke3 f4+ 46.Ke2 Kg2 47.Ne4 f3+ 48.Ke1 Nxd5 49.a4 Ne3
{#R} 0-1

[Event "It (open)"]
[Site "masterchessopen.com - Hamburg (Germany)"]
[Round "2"]
[White "Batyrov Sapar (TKM)"]
[Black "Grinfeld Alla B (USA)"]
[Result "0-1"]
[WhiteElo "2409"]
[BlackElo "2253"]

1.d4 e6 2.Nf3 Nf6 3.c4 c5 4.d5 exd5 5.cxd5 d6 6.Nc3 g6 7.e4 Bg7 8.Be2 O-O
9.O-O Bg4 10.Qc2 Nbd7 11.Bf4 Ne8 12.h3 Bxf3 13.Bxf3 a6 14.a4 b6 15.Be2 Qe7
16.Rfe1 Nc7 17.Qd3 Ne5 18.Qg3 Bf6 19.Rad1 Rfb8 20.Qe3 b5 21.Bh2 b4 22.Nb1 Nd7
23.b3 Ne8 24.Nd2 Bc3 25.Bf1 Ne5 26.Kh1 f6 27.f4 Nf7 28.Bd3 Ng7 29.Re2 Re8
30.Nc4 Qc7 31.Qf3 Re7 32.e5 fxe5 33.fxe5 Nxe5 34.Bxe5 Bxe5 35.Nxe5 Rf8 36.Nc6
Rxf3 37.Nxe7+ Kf7 38.gxf3 Qb7 39.Nc6 Qc8 40.Kh2 Nh5 41.Re7+ Kf6 42.Re6+ Kg5
43.Rxd6 Qc7 44.Be4 Qxd6+ 45.Kg2 Qg3+ 46.Kf1 Qh2 {#R} 0-1

[Event "Ch Switzerland"]
[Site "masterchessopen.com - Leukerbad (Switzerland)"]
[Round "0"]
[White "Huss Andreas (SUI)"]
[Black "Fauland Alexander (AUT)"]
[Result "1-0"]
[WhiteElo "2308"]
[BlackElo "2452"]

1.d4 g6 2.c4 Bg7 3.Nf3 c5 4.d5 d6 5.Nc3 Nf6 6.e4 O-O 7.Be2 e6 8.O-O exd5
9.cxd5 Bg4 10.Bf4 Bxf3 11.Bxf3 Ne8 12.Re1 Nd7 13.Be2 a6 14.a4 Be5 15.Be3 Qa5
16.Ra3 Nef6 17.Qc2 Rfe8 18.Bd2 Qd8 19.Bf3 c4 20.a5 Nc5 21.Na4 Nd3 22.Re2 Rc8
23.Nb6 Rc7 24.b3 Nf4 25.Bxf4 cxb3 26.Qxb3 Bxf4 27.g3 Be5 28.Nc4 Bd4 29.Qd3 Bc5
30.Rb3 Nd7 31.Bg4 Ne5 32.Nxe5 Rxe5 33.Kg2 Re8 34.f4 Rce7 35.Qc3 Rxe4 36.Rxe4
Rxe4 37.Rxb7 Re8 38.Be6 Rf8 39.Rd7 Qe8 40.Qf6 Bb4 41.h4 {#r} 1-0

[Event "It (open)"]
[Site "masterchessopen.com - Ljubljana (Slovenia)"]
[Round "3"]
[White "Vidic B"]
[Black "Magomedov Magaram (RUS)"]
[Result "0-1"]
[WhiteElo "2055"]
[BlackElo "2475"]

1.d4 Nf6 2.Nf3 c5 3.d5 e6 4.c4 exd5 5.cxd5 d6 6.Nc3 g6 7.e4 Bg7 8.Be2 O-O
9.O-O Bg4 10.Be3 Nbd7 11.Nd2 Bxe2 12.Qxe2 Re8 13.f3 Ne5 14.Bg5 a6 15.a4 Qc7
16.Nc4 Nxc4 17.Qxc4 Nd7 18.Qe2 c4 19.f4 b5 20.axb5 axb5 21.Rxa8 Rxa8 22.f5 b4
23.Nd1 Bd4+ 24.Be3 Qc5 25.Bxd4 Qxd4+ 26.Qe3 Qc5 27.fxg6 hxg6 28.Kf2 Ra1
29.Qxc5 Nxc5 30.Ke2 Rb1 31.Rf4 Nd3 32.Rf6 Nxb2 33.Nxb2 Rxb2+ 34.Ke3 c3 35.Rxd6
c2 36.Rc6 b3 37.d6 {#R} 0-1

[Event "Ch Czechoslovakia (open)"]
[Site "masterchessopen.com - Prague (Czech Republic)"]
[Round "4"]
[White "Adamek Zdenek (CZE)"]
[Black "Melich Jindrich (CZE)"]
[Result "1-0"]
[WhiteElo "2252"]
[BlackElo "2162"]

1.d4 c5 2.d5 e6 3.c4 exd5 4.cxd5 d6 5.Nc3 Nf6 6.Nf3 g6 7.e4 Bg7 8.Be2 O-O
9.O-O Bg4 10.Bf4 Nh5 11.Bg5 Bf6 12.Be3 Nd7 13.h3 Bxf3 14.Bxf3 Ng7 15.Qd2 Qe7
16.Rfe1 Rab8 17.a4 a6 18.Be2 Rfc8 19.a5 Ne8 20.f3 Be5 21.Ra4 Nc7 22.f4 Bg7
23.e5 b5 24.Raa1 Ne8 25.Rad1 dxe5 26.d6 Qe6 27.Bf3 exf4 28.Bxf4 Qc4 29.Nd5
Qd4+ 30.Kh1 Qxb2 31.Ne7+ Kh8 32.Qxb2 Bxb2 33.Nxc8 Rxc8 34.Bb7 Rd8 35.Bxa6 b4
36.Bb5 Nef6 37.Bg5 Kg7 38.Re7 h6 39.Bxf6+ Nxf6 40.Bc4 Bd4 41.Rxf7+ Kh8 42.Rxd4
{#r} 1-0

[Event "It (open)"]
[Site "masterchessopen.com - Alcobendas (Spain)"]
[Round "7"]
[White "Gamundi Salamanca Antonio (ESP)"]
[Black "Pares Vives Jose (ESP)"]
[Result "1-0"]
[WhiteElo "2443"]
[BlackElo "2270"]

1.d4 Nf6 2.c4 g6 3.Nc3 Bg7 4.e4 d6 5.Nf3 O-O 6.Be2 c5 7.d5 e6 8.O-O exd5
9.cxd5 Bg4 10.Qb3 b6 11.Bf4 Ne8 12.a4 a6 13.Rfe1 Nd7 14.Rad1 Qc7 15.Nd2 Bxe2
16.Rxe2 Ne5 17.Bxe5 Bxe5 18.Nc4 Rb8 19.Nxe5 dxe5 20.f4 Qe7 21.Qc4 Nd6 22.Qxa6
exf4 23.e5 Nf5 24.d6 Qe6 25.Nd5 Nd4 26.Nf6+ Kg7 27.Rxd4 cxd4 28.Qd3 Rfc8
29.Qxd4 f3 30.gxf3 Rc4 31.Qd5 Rc1+ 32.Kg2 Qf5 33.Qe4 Qc8 34.Qh4 h5 35.Nxh5+
gxh5 36.Qg5+ Kh7 37.Qxh5+ Kg7 38.Qg5+ Kh7 39.Re4 Rc4 40.Qh4+ {#r} 1-0

[Event "It (open)"]
[Site "masterchessopen.com - Barbera (Spain)"]
[Round "1"]
[White "Garcia Ilundain David (ESP)"]
[Black "Asensio Soto Fermin (ESP)"]
[Result "1-0"]
[WhiteElo "2480"]
[BlackElo "2123"]

1.d4 Nf6 2.Nf3 d6 3.c4 g6 4.Nc3 Bg7 5.e4 O-O 6.Be2 c5 7.d5 e6 8.O-O exd5
9.cxd5 Bg4 10.Nd2 Bxe2 11.Qxe2 Re8 12.Nc4 b5 13.Nxb5 Nxe4 14.Qd3 a6 15.Nc3
Nxc3 16.bxc3 Nd7 17.Bf4 Ne5 18.Bxe5 Bxe5 19.Rae1 Bg7 20.Rxe8+ Qxe8 21.Nxd6 Qe5
22.Ne4 f5 23.Nxc5 Rc8 24.Na4 Qe8 25.Qd1 Rc4 26.Nb6 Rh4 27.g3 Re4 28.d6 Be5
29.Qd5+ Qf7 30.d7 Bc7 31.d8=Q+ {#r} 1-0

[Event "Ch Hungary (team) 1992/93"]
[Site "masterchessopen.com - Hungary"]
[Round "0"]
[White "Szabo Peter (HUN)"]
[Black "Lendvai-Wells Noemi (HUN)"]
[Result "0-1"]
[WhiteElo "1772"]
[BlackElo "2139"]

1.d4 Nf6 2.Nf3 e6 3.c4 c5 4.d5 exd5 5.cxd5 d6 6.Nc3 g6 7.e4 Bg7 8.Be2 O-O
9.O-O Bg4 10.Nd2 Bxe2 11.Qxe2 Re8 12.Qd3 a6 13.a4 Nbd7 14.f4 Ng4 15.Nf3 c4
16.Qc2 Nc5 17.h3 Qb6 18.a5 Qa7 19.Kh1 Bxc3 20.hxg4 Nxe4 21.Kh2 Bg7 22.Ra4 Nf6
23.g5 Nxd5 24.Rxc4 Qb8 25.Rd1 Ne7 26.Be3 Nf5 27.Bb6 Re6 28.Rc1 Qe8 29.Rc7 Re2
30.Qc4 Bxb2 31.Rb1 d5 32.Qxd5 Rd8 33.Qxb7 Qa4 34.Rxf7 Qxf4+ 35.Kg1 Qg3 {#R}
0-1

[Event "It (open)"]
[Site "masterchessopen.com - Porto San Giorgio (Italy)"]
[Round "0"]
[White "Langeweg Kick (NED)"]
[Black "Quinto Gianni (ITA)"]
[Result "1-0"]
[WhiteElo "2390"]
[BlackElo "2210"]

1.d4 Nf6 2.c4 c5 3.d5 e6 4.Nc3 exd5 5.cxd5 d6 6.e4 g6 7.Nf3 Bg7 8.Be2 O-O
9.O-O Na6 10.Nd2 Nc7 11.a4 b6 12.Nc4 Ba6 13.Bg5 h6 14.Bd2 Qd7 15.b3 Rae8 16.f3
Nh5 17.Bd3 f5 18.exf5 gxf5 19.Rc1 Nf6 20.Kh1 Nfxd5 21.Nxd5 Nxd5 22.Nxb6 axb6
23.Bxa6 Nc7 24.Bc4+ d5 25.Bf4 Be5 26.Bxe5 Rxe5 27.f4 Re7 28.Bd3 Qd6 29.Qh5 Qf6
30.Rce1 Ne6 31.Qf3 Rd8 32.Re5 Nd4 33.Qg3+ Rg7 34.Qh3 Kh8 35.Rfe1 Rg4 36.Rxf5
Nxf5 37.Qxg4 Nd4 38.h3 Rg8 39.Qd7 Rg7 40.Re8+ {#r} 1-0

[Event "Ch Europe (juniors) (under 14)"]
[Site "masterchessopen.com - Szombathely (Hungary)"]
[Round "0"]
[White "Bagirov Rufat (AZE)"]
[Black "Bakhtadze Giorgi (GEO)"]
[Result "1-0"]
[WhiteElo "2461"]
[BlackElo "2449"]

1.d4 Nf6 2.c4 g6 3.Nc3 Bg7 4.e4 d6 5.Be2 O-O 6.Nf3 c5 7.d5 e6 8.O-O exd5
9.cxd5 Bg4 10.Bf4 h6 11.h3 Bxf3 12.Bxf3 Re8 13.Re1 Bf8 14.Qd2 Kh7 15.e5 dxe5
16.Bxe5 Nbd7 17.Bg3 Nb6 18.Qf4 Kg7 19.Rxe8 Nxe8 20.Re1 Nd6 21.Ne4 Nf5 22.Rd1
Nxg3 23.Qxg3 f5 24.Qe5+ Kf7 25.Qe6+ Kg7 26.Qe5+ Kf7 27.Nc3 Bd6 28.Qe6+ Kg7
29.Nb5 Nc8 30.Re1 a6 31.Nxd6 Nxd6 32.h4 h5 33.Qe5+ Kf7 34.Qf4 Ne8 35.Re6 Nf6
36.Qe5 Nd7 37.Qf4 Qb8 38.Qg5 Nf8 39.Qf6+ {#r} 1-0

[Event "Ch France (open)"]
[Site "masterchessopen.com - Nantes (France)"]
[Date "1993.08.24"]
[Round "7"]
[White "Denis Laurent (FRA)"]
[Black "Giffard Nicolas (FRA)"]
[Result "0-1"]
[WhiteElo "2236"]
[BlackElo "2380"]

1.d4 Nf6 2.c4 d6 3.Nf3 g6 4.Nc3 Bg7 5.e4 O-O 6.Be2 c5 7.d5 e6 8.O-O exd5
9.cxd5 Bg4 10.h3 Bxf3 11.Bxf3 Ne8 12.g3 Nd7 13.Bg2 a6 14.a4 Rb8 15.a5 Nc7
16.f4 Nb5 17.Nxb5 axb5 18.a6 Ra8 19.a7 Qb6 20.Qe2 b4 21.Qg4 Rfd8 22.f5 Rxa7
23.Rxa7 Qxa7 24.Bg5 Ne5 25.Qh4 c4+ 26.Kh2 Re8 27.f6 Bh8 28.Qh6 Qd4 29.Bc1 Nd7
30.Rf4 Qd1 31.Rf1 Qd4 32.Rf4 Re5 33.Rh4 Nxf6 34.Bf4 Qxb2 35.Bxe5 Qxe5 36.Rf4
g5 {#R} 0-1

[Event "Ch Argentina (juniors) (under 18)"]
[Site "masterchessopen.com - Buenos Aires (Argentina)"]
[Round "6"]
[White "Zambenetti Victor Luci (ARG)"]
[Black "Sobrero Sebastian (ARG)"]
[Result "1-0"]
[WhiteElo "2075"]
[BlackElo "2078"]

1.d4 Nf6 2.c4 c5 3.d5 e6 4.Nc3 exd5 5.cxd5 d6 6.e4 g6 7.Nf3 Bg7 8.Be2 O-O
9.O-O Nbd7 10.Qc2 Re8 11.Bf4 Qe7 12.Nd2 Nh5 13.Bxh5 gxh5 14.Nc4 Ne5 15.Bxe5
Bxe5 16.Nxe5 Qxe5 17.Rae1 Kh8 18.f4 Qg7 19.Qf2 a6 20.e5 Bf5 21.Re3 dxe5
22.fxe5 Bg6 23.Qf6 Qxf6 24.Rxf6 b5 25.d6 Re6 26.Nd5 Rxf6 27.Nxf6 Kg7 28.Nd5
Bf5 29.Nc7 Ra7 30.e6 {#r} 1-0

[Event "It (open) \"]
[Site "masterchessopen.com - Buenos Aires (Argentina)"]
[Round "8"]
[White "Maggiolo Sonia (ARG)"]
[Black "Robledo Nestor Daniel (ARG)"]
[Result "0-1"]
[WhiteElo "2060"]
[BlackElo "2320"]

1.d4 Nf6 2.Nf3 g6 3.c4 Bg7 4.Nc3 O-O 5.e4 d6 6.Be2 c5 7.d5 e6 8.O-O exd5
9.cxd5 Na6 10.h3 Nc7 11.a4 Re8 12.Qc2 Rb8 13.Re1 b6 14.Bg5 a6 15.Nd2 b5
16.axb5 axb5 17.f4 h6 18.Bh4 b4 19.Nd1 Bb7 20.Bf3 Qd7 21.Ne3 Nb5 22.Nb3 Qc7
23.Nc4 Nd7 24.Bf2 Nb6 25.Nxb6 Qxb6 26.e5 Nd4 27.Nxd4 cxd4 28.e6 f5 29.g4 Qb5
30.gxf5 b3 31.Qe4 gxf5 32.Qxf5 Rf8 33.Qg4 Kh8 34.Kh2 Bxd5 35.Rg1 Rb7 36.Bxd5
Qxd5 37.Rad1 Rxf4 38.Qe2 Re7 39.Rg6 Qf5 40.Rg2 Rxe6 41.Qd2 Rg6 42.Bg3 Rf3
43.Qe1 Re3 44.Qg1 Rgxg3 45.Rxg3 Be5 {#R} 0-1

[Event "It (open)"]
[Site "masterchessopen.com - Cappelle la Grande (France)"]
[Round "1"]
[White "Socko Monika (POL)"]
[Black "Gorbatov Alexej (RUS)"]
[Result "0-1"]
[WhiteElo "2165"]
[BlackElo "2415"]

1.d4 Nf6 2.c4 c5 3.d5 g6 4.Nc3 Bg7 5.e4 O-O 6.Nf3 d6 7.Be2 e6 8.O-O exd5
9.cxd5 Bg4 10.Nd2 Bxe2 11.Qxe2 Re8 12.Qd3 Na6 13.a3 Rc8 14.Nc4 Qd7 15.Bf4 Nh5
16.Bd2 b5 17.Na5 c4 18.Qf3 Nc5 19.Rfe1 Nd3 20.Reb1 Nf6 21.Nc6 Rxc6 22.dxc6
Qxc6 23.Ra2 Nxe4 24.Nxe4 Qxe4 25.Qxe4 Rxe4 26.b3 Bd4 27.bxc4 bxc4 28.Bh6 f5
29.g3 Kf7 30.Kf1 Ke6 31.f3 Re5 32.Bg7 Rd5 33.Re2+ Kd7 34.Bxd4 Rxd4 35.Rb7+ Kc6
36.Rxa7 Kb5 37.a4+ Kb6 38.Rxh7 c3 39.Rc2 Rc4 40.Rh4 Kc5 41.Ke2 Nb4 42.Rxc4+
Kxc4 43.Rc1 d5 44.g4 d4 45.gxf5 d3+ 46.Kd1 gxf5 47.h4 d2 48.Ra1 Kd3 {#R} 0-1

[Event "Ch France (team)"]
[Site "masterchessopen.com - France"]
[Round "6"]
[White "Leroy Adrien (FRA)"]
[Black "Theon Pierre (FRA)"]
[Result "1-0"]
[WhiteElo "2220"]
[BlackElo "2061"]

1.d4 Nf6 2.c4 c5 3.d5 g6 4.Nc3 Bg7 5.e4 O-O 6.Be2 d6 7.Nf3 e6 8.O-O exd5
9.cxd5 Bg4 10.Qc2 Na6 11.Bf4 Nc7 12.Rad1 Nh5 13.Bg5 f6 14.Bc1 f5 15.h3 fxe4
16.hxg4 exf3 17.Bxf3 Nf4 18.g3 Nh3+ 19.Kg2 Bd4 20.Ne4 {#r} 1-0

[Event "Bundesliga (2nd) South 1993/94"]
[Site "masterchessopen.com - Germany"]
[Round "0"]
[White "Beikert Guenther (GER)"]
[Black "Palkovi Jozsef (HUN)"]
[Result "1-0"]
[WhiteElo "2415"]
[BlackElo "2410"]

1.d4 Nf6 2.Nf3 e6 3.c4 c5 4.d5 exd5 5.cxd5 d6 6.Nc3 g6 7.e4 Bg7 8.Be2 O-O
9.O-O Na6 10.Re1 Nc7 11.a4 b6 12.Bf4 Re8 13.Nd2 Rb8 14.Qc2 Bf8 15.h3 a6
16.Rab1 b5 17.axb5 Nxb5 18.Bxb5 axb5 19.b4 c4 20.Nf3 Rb7 21.Nd4 Bd7 22.Qd2 Nh5
23.Bg5 Be7 24.Be3 Ng7 25.Ra1 Qc7 26.Ra5 Reb8 27.f4 f5 28.e5 dxe5 29.fxe5 Bxb4
30.Ra6 Qxe5 31.Bh6 Qg3 32.Re3 Qh4 33.Nf3 Qd8 34.Bxg7 Kxg7 35.Qb2 Bxc3 36.Qxc3+
Kg8 37.Rf6 b4 38.Qe5 Rb6 39.d6 Rb5 40.Qd4 Rc8 41.Kh2 Qb6 42.Qf4 c3 43.Re7 Re8
44.Qc4+ Kh8 45.Rxh7+ Kxh7 46.Ng5+ {#r} 1-0

[Event "Oberliga East 1993/94"]
[Site "masterchessopen.com - Germany"]
[Round "0"]
[White "Kleschtschow Juri (GER)"]
[Black "Jaenig Reinhard (GER)"]
[Result "0-1"]
[WhiteElo "2105"]
[BlackElo "2182"]

1.d4 Nf6 2.Nf3 c5 3.d5 e6 4.c4 exd5 5.cxd5 d6 6.Nc3 g6 7.e4 Bg7 8.Be2 O-O
9.O-O Na6 10.Nd2 Nc7 11.a4 b6 12.Nc4 Ba6 13.Bg5 Bxc4 14.Bxc4 a6 15.f4 b5
16.Bd3 Qd7 17.Qf3 bxa4 18.Rxa4 Rab8 19.Ra2 Rb4 20.f5 h6 21.Be3 Nh7 22.e5 Bxe5
23.Bxh6 Rh4 24.Bxf8 Bxh2+ 25.Kf2 Rf4 26.Bh6 Rxf3+ 27.gxf3 g5 28.Rh1 Be5
29.Raa1 Qe7 30.Rae1 Qf6 31.Nd1 Nxd5 32.Bxa6 Qxf5 33.Be2 Nf4 34.Ne3 Bd4 35.Ba6
Nd5 {#R} 0-1

[Event "Oberliga East 1993/94"]
[Site "masterchessopen.com - Germany"]
[Round "0"]
[White "Matthey Harald (GER)"]
[Black "Jaenig Reinhard (GER)"]
[Result "0-1"]
[WhiteElo "2192"]
[BlackElo "2182"]

1.d4 Nf6 2.c4 c5 3.d5 e6 4.Nc3 exd5 5.cxd5 d6 6.e4 g6 7.Nf3 Bg7 8.Be2 O-O
9.O-O Na6 10.h3 Nc7 11.a4 b6 12.Nd2 a6 13.Re1 Rb8 14.f4 b5 15.Bf3 Re8 16.axb5
axb5 17.Nb3 b4 18.Nb1 Nb5 19.N1d2 Nd7 20.Nc4 Nb6 21.Qd3 Nxc4 22.Qxc4 Nd4
23.Rf1 Bd7 24.Nxd4 Bxd4+ 25.Rf2 Qh4 26.Qe2 Qxf2+ 27.Qxf2 Bxf2+ 28.Kxf2 Ra8
29.Rb1 Bb5 30.Ke3 f5 31.Bd2 fxe4 32.Bg4 Bd3 33.Rg1 Ra2 34.Bc1 Ra1 35.Be6+ Kf8
36.g4 c4 37.f5 c3 38.bxc3 b3 39.Kd2 b2 {#R} 0-1

[Event "Ch Baden (HT1)"]
[Site "masterchessopen.com - Hockenheim (Germany)"]
[Round "2"]
[White "Horn Hans-Markus (GER)"]
[Black "Baraba Marin (GER)"]
[Result "1-0"]
[WhiteElo "1999"]
[BlackElo "1979"]

1.d4 e6 2.c4 c5 3.d5 exd5 4.cxd5 d6 5.Nc3 Nf6 6.e4 g6 7.Nf3 Bg7 8.Be2 O-O
9.O-O b6 10.Bg5 Ba6 11.Nd2 Bxe2 12.Qxe2 h6 13.Bh4 Re8 14.f4 Qc7 15.Qd3 a6
16.a4 Nbd7 17.Rae1 b5 18.axb5 axb5 19.Nxb5 Qb6 20.Kh1 Rab8 21.Na3 Nh7 22.Nac4
Qc7 23.Bg3 Nb6 24.e5 Nxc4 25.Nxc4 dxe5 26.fxe5 Qd7 27.Nd6 Re7 28.Rxf7 {#r} 1-0

[Event "It (open)"]
[Site "masterchessopen.com - Karvina (Czech Republic)"]
[Round "0"]
[White "Kotarski Mariusz (POL)"]
[Black "Sikora-Lerch Jan (CZE)"]
[Result "0-1"]
[WhiteElo "2140"]
[BlackElo "2207"]

1.d4 c5 2.d5 Nf6 3.c4 e6 4.Nc3 exd5 5.cxd5 d6 6.Nf3 g6 7.e4 Bg7 8.Be2 O-O
9.O-O b6 10.Bg5 h6 11.Bh4 g5 12.Bg3 Nh5 13.Qb3 Nxg3 14.hxg3 Bg4 15.Nh2 Bxe2
16.Nxe2 Nd7 17.f4 b5 18.Qf3 b4 19.Rab1 c4 20.fxg5 Ne5 21.Qf5 Qxg5 22.Nf4 Qxf5
23.exf5 Nd7 24.Ng4 Nf6 25.Nxf6+ Bxf6 26.a3 b3 27.Rfc1 Rac8 28.Kf1 Rfe8 29.Re1
a5 30.a4 Re5 31.Rxe5 Bxe5 32.Ke1 Kg7 33.Nh5+ Kf8 34.Kd2 Bxb2 35.Rxb2 c3+
36.Kc1 cxb2+ 37.Kxb2 Rb8 38.Nf6 Ke7 39.Ne4 Rb4 40.f6+ Kd7 41.Nc3 Kc7 42.Ne2
Kb6 43.Nf4 Kc5 44.Nd3+ Kc4 45.Nxb4 Kxb4 {#R} 0-1

[Event "Ch World (juniors) (under 20) (g)"]
[Site "masterchessopen.com - Matinhos (Brazil)"]
[Round "10"]
[White "Paasikangas-T Johanna (FIN)"]
[Black "Gomes Jainy (BRA)"]
[Result "0-1"]
[WhiteElo "2238"]
[BlackElo "2017"]

1.d4 Nf6 2.c4 g6 3.Nc3 Bg7 4.e4 d6 5.Nf3 O-O 6.Be2 c5 7.d5 e6 8.O-O exd5
9.cxd5 Bg4 10.h3 Bxf3 11.Bxf3 Ne8 12.g3 Nd7 13.Bg2 Rb8 14.a4 a6 15.Qe2 Nc7
16.f4 f5 17.e5 dxe5 18.d6 Ne6 19.Qc4 Re8 20.Nd5 b5 21.axb5 axb5 22.Ne7+ Qxe7
23.Qd5 Qd8 24.Ra7 Kh8 25.Qc6 Nef8 26.b3 e4 27.Be3 Rb6 28.Qd5 Ne6 29.b4 Nf6
30.Qa2 Rxd6 31.bxc5 Rd3 32.Bf2 Nd4 33.Qf7 Rg8 34.g4 Nc6 35.Ra6 Nb4 36.Rb6 Rf8
37.Qa7 Rd7 38.Qa5 Nd3 39.Qxb5 Nxf2 40.Rxf2 fxg4 41.c6 Rd1+ 42.Kh2 g3+ 43.Kxg3
Nh5+ {#R} 0-1

[Event "It (open) \"]
[Site "masterchessopen.com - Mlada Boleslav (Czech Republic)"]
[Round "0"]
[White "Chibukhchian Artur (ARM)"]
[Black "Borkovec Milan (CZE)"]
[Result "1-0"]
[WhiteElo "2250"]
[BlackElo "2188"]

1.d4 Nf6 2.c4 e6 3.Nc3 c5 4.d5 exd5 5.cxd5 d6 6.e4 g6 7.Nf3 Bg7 8.Be2 O-O
9.O-O Na6 10.Bg5 Nc7 11.a4 b6 12.Nd2 Re8 13.f4 Qe7 14.e5 dxe5 15.Nde4 exf4
16.d6 Qe5 17.Bxf6 Bxf6 18.Nxf6+ Qxf6 19.dxc7 Bb7 20.Bf3 {#r} 1-0

[Event "Staatsliga B East 1994/95"]
[Site "masterchessopen.com - Austria"]
[Round "0"]
[White "Zoebisch Herbert (AUT)"]
[Black "Nagel Herbert (AUT)"]
[Result "1-0"]
[WhiteElo "2149"]
[BlackElo "2107"]

1.d4 Nf6 2.c4 c5 3.d5 g6 4.Nc3 d6 5.e4 Bg7 6.Nf3 O-O 7.Be2 e6 8.O-O exd5
9.cxd5 Na6 10.Bg5 h6 11.Bh4 g5 12.Bg3 Nh5 13.Nd2 Nxg3 14.hxg3 Nc7 15.a4 b6
16.Nc4 Re8 17.Bd3 Rb8 18.Ne3 a6 19.Qh5 Qf6 20.Rae1 Re7 21.Nc4 Rd7 22.e5 dxe5
23.Nxe5 Re7 24.Nc6 Rxe1 25.Rxe1 Ra8 26.Ne4 Qxb2 27.Ne7+ Kf8 28.Nxc8 Nxd5
29.Ncd6 Ra7 30.Bc4 Qe5 31.Qd1 Ne7 32.Nxf7 Qd4 33.Qf3 Kg8 34.Nfd6+ Kh7 35.Qf7
{#r} 1-0

[Event "Ch Sweden (juniors)"]
[Site "masterchessopen.com - Borlange (Sweden)"]
[Round "6"]
[White "Landgren Andreas (SWE)"]
[Black "Wikstrom Per (SWE)"]
[Result "1-0"]
[WhiteElo "2172"]
[BlackElo "2100"]

1.d4 e6 2.Nf3 Nf6 3.c4 c5 4.d5 exd5 5.cxd5 d6 6.Nc3 g6 7.e4 Bg7 8.Be2 O-O
9.O-O Na6 10.Nd2 Nc7 11.Re1 Nfe8 12.a4 f5 13.exf5 Bxf5 14.Nc4 Bd4 15.Bf4 Qf6
16.Bg3 Rd8 17.Qd2 a6 18.Ne3 Ng7 19.Ng4 Bxg4 20.Bxg4 Bxc3 21.bxc3 h5 22.Be6+
Kh7 23.Re4 Ncxe6 24.dxe6 Nxe6 25.Rae1 Rde8 26.Bxd6 Rf7 27.Bxc5 Nf4 28.Rxe8 Qg5
29.Qxf4 Qxf4 30.Bd4 g5 31.g3 Qd2 32.Rh8+ Kg6 33.Re6+ Kf5 34.Re5+ Kg6 35.Rg8+
Kh7 36.Rh8+ Kg6 37.Re6+ Kf5 38.Rhh6 h4 39.Kg2 h3+ 40.Kxh3 g4+ 41.Kg2 {#r} 1-0

[Event "It (open)"]
[Site "masterchessopen.com - Cannes (France)"]
[Round "0"]
[White "Renaze Luc (FRA)"]
[Black "Giffard Nicolas (FRA)"]
[Result "0-1"]
[WhiteElo "2300"]
[BlackElo "2375"]

1.d4 Nf6 2.c4 g6 3.Nc3 d6 4.e4 Bg7 5.Be2 O-O 6.Nf3 c5 7.d5 e6 8.O-O exd5
9.cxd5 Bg4 10.Bf4 Bxf3 11.Bxf3 Ne8 12.Be2 a6 13.a4 Nd7 14.Be3 Qe7 15.Qc2 Rb8
16.a5 Nc7 17.Ra4 Rfe8 18.Rd1 Qd8 19.f4 b5 20.axb6 Rxb6 21.Bf2 Qb8 22.Ra2 Rb4
23.Bg4 Nb6 24.e5 Rxf4 25.exd6 Rxg4 26.dxc7 Qxc7 27.Rxa6 Qb7 28.Ra3 Bd4 29.Rb3
Rf4 30.Bxd4 Rxd4 31.Rxd4 cxd4 32.Na4 {#R} 0-1

[Event "Oberliga East 1994/95"]
[Site "masterchessopen.com - Germany"]
[Round "0"]
[White "Nestler Reiner (GER)"]
[Black "Jaenig Reinhard (GER)"]
[Result "0-1"]
[WhiteElo "2126"]
[BlackElo "2182"]

1.d4 Nf6 2.c4 c5 3.d5 e6 4.Nc3 exd5 5.cxd5 d6 6.e4 g6 7.Be2 Bg7 8.Nf3 O-O
9.O-O Na6 10.Bxa6 bxa6 11.Qc2 Rb8 12.Bf4 Nh5 13.Bg5 Qb6 14.Rab1 f5 15.e5 dxe5
16.Be7 Re8 17.Na4 Qb5 18.Bd6 f4 19.Bxb8 Bf5 20.Qxc5 Bxb1 21.Rxb1 Rxb8 22.Qd6
Re8 23.Nc3 Qb6 24.Qd7 Nf6 25.Qa4 e4 26.Ng5 e3 27.Qxf4 e2 28.Nce4 Qxb2 29.Re1
h6 30.Nxf6+ Qxf6 31.Qa4 Re5 32.Nf3 Rxd5 33.Rxe2 Kh7 34.h3 Qa1+ 35.Re1 Qc3
36.Qh4 Rf5 37.Qe4 Ra5 38.Nh4 Qf6 {#R} 0-1

[Event "Ch Hungary (team)"]
[Site "masterchessopen.com - Hungary"]
[Round "0"]
[White "Csiszar Csaba (HUN)"]
[Black "Glatt Gabor (HUN)"]
[Result "1-0"]
[WhiteElo "2390"]
[BlackElo "2310"]

1.d4 Nf6 2.c4 g6 3.Nc3 Bg7 4.e4 d6 5.Be2 c5 6.d5 O-O 7.Nf3 e6 8.O-O exd5
9.cxd5 Na6 10.Nd2 Nc7 11.a4 b6 12.Re1 Rb8 13.f4 a6 14.Nc4 b5 15.axb5 axb5
16.Na5 Bd7 17.e5 Nfe8 18.Bf3 b4 19.Ne4 dxe5 20.Nxc5 exf4 21.Nab7 Rxb7 22.Nxb7
Qf6 23.Kh1 g5 24.Bd2 Qb6 25.Na5 Nf6 26.Nc4 Qd4 27.Bxb4 Qxc4 28.Bxf8 Bxf8
29.Rc1 Qb4 30.Rxc7 g4 31.Be2 Ba4 32.Qc1 Nxd5 33.Rc4 Qa5 34.Bxg4 Bb3 35.Rc8 Ne3
36.Bf3 Be6 37.Ra8 Qb4 38.Qc3 Qd6 39.Ra5 Bd5 40.Bxd5 Nxd5 41.Qd4 Qb4 42.Qxb4
Bxb4 43.Re8+ {#r} 1-0